000 01748nam a2200337Ia 4500
001 ebr10141093
003 CaPaEBR
006 m u
007 cr cn|||||||||
008 050831s2005 ohub sb s001 0 eng d
010 _z 2005025342
020 _z0896804518
020 _z0896802450 (pbk. : alk. paper)
040 _aCaPaEBR
_cCaPaEBR
035 _a(OCoLC)182530623
050 1 4 _aJZ6368
_b.T34 2005eb
100 1 _aTalentino, Andrea Kathryn.
245 1 0 _aMilitary intervention after the Cold War
_h[electronic resource] :
_bthe evolution of theory and practice /
_cAndrea Kathryn Talentino.
260 _aAthens :
_bOhio University Press,
_cc2005.
300 _axvi, 364 p. :
_bmaps.
490 1 _aOhio University research in international studies, Global and comparative studies series ;
_vno. 4
504 _aIncludes bibliographical references (p. 309-356) and index.
505 0 _aIntervention reconsidered -- Theoretical foundations -- Lessons in failure : intervention in Somalia -- One step forward? : intervention in Haiti -- The ongoing struggle : intervention in Bosnia -- ECOWAS, the UN, and Sierra Leone -- Pushing the envelope in Kosovo.
533 _aElectronic reproduction.
_bPalo Alto, Calif. :
_cebrary,
_d2009.
_nAvailable via World Wide Web.
_nAccess may be limited to ebrary affiliated libraries.
650 0 _aIntervention (International law)
_vCase studies.
650 0 _aDiplomatic protection.
655 7 _aElectronic books.
_2local
710 2 _aebrary, Inc.
830 0 _aResearch in international studies.
_pGlobal and comparative studies series ;
_vno. 4.
856 4 0 _uhttp://site.ebrary.com/lib/rucke/Doc?id=10141093
_zAn electronic book accessible through the World Wide Web; click to view
999 _c84022
_d84022